Journal of Quantitative Economics (Record no. 301135)
[ view plain ]
| 000 -LEADER | |
|---|---|
| fixed length control field | 00365nam a2200145 4500 |
| 005 - DATE AND TIME OF LATEST TRANSACTION | |
| control field | 20251031125133.0 |
| 008 - FIXED-LENGTH DATA ELEMENTS--GENERAL INFORMATION | |
| fixed length control field | 251031b |||||||| |||| 00| 0 eng d |
| 022 ## - INTERNATIONAL STANDARD SERIAL NUMBER | |
| International Standard Serial Number | 0971-1554 |
| 082 ## - DEWEY DECIMAL CLASSIFICATION NUMBER | |
| Classification number | Central Library |
| 100 ## - MAIN ENTRY--PERSONAL NAME | |
| Personal name | Nagar, A L. Krishna, K L. |
| 245 ## - TITLE STATEMENT | |
| Title | Journal of Quantitative Economics |
| 260 ## - PUBLICATION, DISTRIBUTION, ETC. (IMPRINT) | |
| Place of publication, distribution, etc. | New Delhi |
| Name of publisher, distributor, etc. | Springer |
| 942 ## - ADDED ENTRY ELEMENTS (KOHA) | |
| Koha item type | Journals |
| 942 ## - ADDED ENTRY ELEMENTS (KOHA) | |
| Serial record | 1 |
| 942 ## - ADDED ENTRY ELEMENTS (KOHA) | |
| Suppress in OPAC | 0 |
| Date last seen | Total Checkouts | Full call number | Accession number | Volume/Issue Number | Price effective from | Category | Lost status | Source of classification or shelving scheme | Damaged status | Department | Withdrawn status | Permanent Location | Current Location | Shelving location | Entry date | Date checked out |
|---|---|---|---|---|---|---|---|---|---|---|---|---|---|---|---|---|
| 31/10/2025 | Central Library | JN46918 | Vol. 23, No. 2 | 31/10/2025 | Journals | Dewey Decimal Classification | MBA | Central Library | Central Library | Central Library | 31/10/2025 | |||||
| 02/12/2025 | Central Library | JN46979 | Vol. 23, No. 1 | 02/12/2025 | Journals | Dewey Decimal Classification | MBA | Central Library | Central Library | Central Library | 02/12/2025 | |||||
| 13/02/2026 | Central Library | JN47084 | Vol. 23, No. 4 | 13/02/2026 | Journals | Dewey Decimal Classification | MBA | Central Library | Central Library | Central Library | 13/02/2026 | |||||
| 27/01/2026 | 1 | Central Library | JN47014 | Vol. 23, No. 3 | 15/12/2025 | Journals | Dewey Decimal Classification | MBA | Central Library | Law Library | Central Library | 15/12/2025 | 23/01/2026 |
